Histoire mondiale de la diplomatie culturelle (notice n° 1643488)

détails MARC
000 -LEADER
fixed length control field 01552cam a2200133 4500500
005 - DATE AND TIME OF LATEST TRANSACTION
control field 20260208000026.0
041 ## - LANGUAGE CODE
Language code of text/sound track or separate title fre
042 ## - AUTHENTICATION CODE
Authentication code dc
100 10 - MAIN ENTRY--PERSONAL NAME
Personal name Tournès, Ludovic
Relator term author
245 00 - TITLE STATEMENT
Title Histoire mondiale de la diplomatie culturelle
260 ## - PUBLICATION, DISTRIBUTION, ETC.
Name of publisher, distributor, etc. Armand Colin,<br/>
Date of publication, distribution, etc. 2025.<br/>
520 ## - SUMMARY, ETC.
Summary, etc. Des cours de langue dispensés par les comité de l’Alliance française sur tous les continents à l’exportation de la K-pop et à la politique du Cool Japan, en passant par les émissions de Jazz de Voice of America, les tournées du Bolchoï pendant la guerre froide, ou encore les séries télévisées turques, cet ouvrage présente pour la première fois une histoire mondiale des diplomaties culturelles permettant de comprendre ce phénomène qui a pris une ampleur sans précédent depuis le milieu du  XIXe  siècle. On y croisera les États qui orchestrent en coulisse, les associations qui préparent ou relayent sur le terrain, mais aussi les artistes, intellectuels, sportifs ou scientifiques, qui participent à des degrés divers à ces stratégies de valorisation culturelle devenus au cours du xxe siècle un élément majeur des politiques extérieures étatiques. Loin d’avoir été submergées par la mondialisation, les nations n’ont pas cessé de jouer un rôle structurant dans les circulations culturelles internationales contemporaines, et au XXIe  siècle plus encore que jamais.
856 41 - ELECTRONIC LOCATION AND ACCESS
Uniform Resource Identifier <a href="https://shs.cairn.info/histoire-mondiale-de-la-diplomatie-culturelle--9782200641856?lang=fr&redirect-ssocas=7080">https://shs.cairn.info/histoire-mondiale-de-la-diplomatie-culturelle--9782200641856?lang=fr&redirect-ssocas=7080</a>

Pas d'exemplaire disponible.

PLUDOC

PLUDOC est la plateforme unique et centralisée de gestion des bibliothèques physiques et numériques de Guinée administré par le CEDUST. Elle est la plus grande base de données de ressources documentaires pour les Étudiants, Enseignants chercheurs et Chercheurs de Guinée.

Adresse

627 919 101/664 919 101

25 boulevard du commerce
Kaloum, Conakry, Guinée

Réseaux sociaux

Powered by Netsen Group @ 2025